000 00578nam a22002297a 4500
003 UA-OsUOA
001 48484
007 ta
008 20070906b un ||||| |||| 00| 0 ukr d
100 _aКирилюк Є.
090 _a82.09
_bК43
942 _cBK
040 _aUA-OsUOA
_bukr
_cUA-OsUOA
_dUA-OsUOA
245 _aМужнє слово поетеси
300 _a62 с.
955 _a1
041 _aukr
080 _a82.09
260 _aК.
_bЗнання
_c1971
650 7 _a82 Література. Літературознавство
_2UDC
999 _c334600
_d334600